00927 2200313 4500001002100000005001500021035002000036007000300056008004100059020002200100082001400122084001600136100003800152245007200190250003100262300003900293650001200332264004300344336002100387337003000408338002300438040002200461090002200483850001200505504003200517999002200549990002200571990002000593INLIS00000000089940720250911021939 a0010-0925000330ta250911s2012 yoia b 1 jav d a978-602-19557-2-704223a398.2 a398.2 BAM d10aBambang Nursinggih, R.ePengarang10aDongeng sato kewan I :b(kangge lare-lare) /cR. Bambang Nursinggih aCetaan 2, revisi, Mei 2012 axiv, 78 halaman :bgambar ;c25 cm 4aDongeng31aYogyakarta :bArindo Nusa Media,c2012 2rdacontentateks 2rdamediaatanpa perantara 2rdacarrieravolume aYOPDYOGbinderda aCB-D.11 2012-3113 aYOPDYOG aBibliografi : halaman 73-74 aCB-D.11/2012-3113 aCB-D.11/2012-3113 a73823-PD/A.2025